Understanding 8085/8086 microprocessors and Peripheral ICs: Through questions and answers (Record no. 24725)
[ view plain ]
| 000 -LEADER | |
|---|---|
| fixed length control field | 00534nam a2200181Ia 4500 |
| 008 - FIXED-LENGTH DATA ELEMENTS--GENERAL INFORMATION | |
| fixed length control field | 230917s9999||||xx |||||||||||||| ||und|| |
| 020 ## - ISBN | |
| Price | RS250 |
| 040 ## - CATALOGING SOURCE | |
| -- | 243532 |
| Original cataloging agency | VIVEKANANDA LIBRARY |
| 041 ## - Language | |
| -- | English |
| 082 ## - DDC NUMBER | |
| Classification number | 005.26 S55U(2) |
| 100 ## - MAIN ENTRY--PERSONAL NAME | |
| Personal name | Sen, S K |
| 245 #0 - TITLE STATEMENT | |
| Title | Understanding 8085/8086 microprocessors and Peripheral ICs: Through questions and answers |
| 250 ## - EDITION STATEMENT | |
| Edition statement | 2nd ed. |
| 260 ## - PUBLICATION, DISTRIBUTION, ETC. (IMPRINT) | |
| Place of publication, distribution, etc | New Delhi |
| Name of publisher, distributor, etc | New Age International |
| Date of publication, distribution, etc | 2012 |
| 300 ## - PHYSICAL DESCRIPTION | |
| Pages | x, 292 p. |
| 500 ## - GENERAL NOTE | |
| General note | 2943 27/11/2017 HBD17/7116 19/12/2017 UIET (SFS) |
| 942 ## - ADDED ENTRY ELEMENTS (KOHA) | |
| Koha item type | Books |
| Withdrawn status | Lost status | Damaged status | Not for loan | Location (home branch) | Sublocation or collection (holding branch) | Shelving location | Date acquired | Koha issues (times borrowed) | Koha full call number | Accession No. | Koha date last seen | Koha item type |
|---|---|---|---|---|---|---|---|---|---|---|---|---|
| VIVEKANANDA LIBRARY | VIVEKANANDA LIBRARY | UIET Library | 08/01/2018 | 1 | 005.26 S55U(2) | 364575 | 06/03/2025 | Books | ||||
| VIVEKANANDA LIBRARY | VIVEKANANDA LIBRARY | UIET Library | 08/01/2018 | 005.26 S55U(2) | 364576 | 17/09/2023 | Books | |||||
| VIVEKANANDA LIBRARY | VIVEKANANDA LIBRARY | UIET Library | 08/01/2018 | 3 | 005.26 S55U(2) | 364577 | 17/04/2026 | Books |
